A guide to religions (Record no. 22946)

MARC details
000 -LEADER
fixed length control field 00436cam a2200157 i 4500
020 ## - INTERNATIONAL STANDARD BOOK NUMBER
ISBN 0281028494
082 00 - DEWEY DECIMAL CLASSIFICATION NUMBER
Classification number 291
Author Cutter BRO
100 1# - MAIN ENTRY--AUTHOR NAME
Author name Brown, David,
245 12 - TITLE STATEMENT
Title A guide to religions
260 ## - PUBLICATION, DISTRIBUTION, ETC. (IMPRINT)
Place of publication London :
Name of publisher S.P.C.K. : United Society for Christian Literature for the Theological Education Fund,
Year of publication 1975.
300 ## - PHYSICAL DESCRIPTION
Number of Pages xiv, 271 p. :
Other physical details ill., map ;
500 ## - GENERAL NOTE
General note Includes index.
650 #0 - SUBJECT ADDED ENTRY--TOPICAL TERM
Topical Term Religions.
942 ## - ADDED ENTRY ELEMENTS (KOHA)
Koha item type Books
Holdings
Home library Current library Shelving location Date acquired Source of acquisition Cost, normal purchase price Full call number Accession Number Koha item type
Henry Martyn Institute Library Henry Martyn Institute Library General stacks 06/09/2020 ISPCK 95.00 291 BRO 11-4372 Books
Henry Martyn Institute Library Henry Martyn Institute Library General stacks 06/09/2020 ISPCK 95.00 291 BRO 11-4373 Books
                   Copyright © 2026 | Henry Martyn Institute | Hyderabad | TS-500052 | INDIA | Implemented by hmi.edu.in
Hit-Count:

Powered by Koha